[Event "Paris-ch op"]
[Site "Paris"]
[Date "1992.??.??"]
[Round "3"]
[White "Abravanel, Chely"]
[Black "Prie, Eric"]
[Result "0-1"]
[WhiteElo "2320"]
[BlackElo "2440"]
[PlyCount "82"]
[EventDate "1992.04.??"]
[EventType "swiss"]
[EventRounds "9"]
[EventCountry "FRA"]
[SourceTitle "EXT 1997"]
[Source "ChessBase"]
[SourceDate "1996.11.15"]
[SourceVersion "1"]
[SourceVersionDate "1996.11.15"]
[SourceQuality "1"]

1. g3 g6 2. Bg2 Bg7 3. Nf3 d6 4. c4 e5 5. Nc3 Nc6 6. Rb1 f5 7. d3 Nf6 8. 0-0 0-0 9. b4 h6 10. b5 Ne7 11. c5 Be6 12. Nd2 d5 13. Nb3 g5 14. d4 e4 15. f4 gxf4 16. Bxf4 Ng6 17. e3 Nxf4 18. Rxf4 h5 19. Rf2 Ng4 20. Re2 Bh6 21. Qe1 h4 22. Bh3 Kh7 23. Bxg4 fxg4 24. Nd2 Rf3 25. Nxf3 gxf3 26. Rc2 Qg5 27. Nd1 Rg8 28. Kh1 Qf5 29. Qg1 Qh5 30. g4 Bxg4 31. Rf2 Bh3 32. Qe1 Qg5 33. Rbb2 Bg2+ 34. Rxg2 fxg2+ 35. Kg1 h3 36. Rf2 Qg4 37. c6 bxc6 38. bxc6 Rg6 39. Rf7+ Kg8 40. Nf2 Qg5 41. Rf4 Qh5 0-1

[Event "FRA-chT"]
[Site "France"]
[Date "1991.??.??"]
[Round "?"]
[White "Abravanel, Chely"]
[Black "Gueneau, Christophe"]
[Result "1-0"]
[WhiteElo "2320"]
[BlackElo "2200"]
[PlyCount "113"]
[EventDate "1991.??.??"]
[EventType "team-tourn"]
[EventRounds "12"]
[EventCountry "FRA"]
[SourceTitle "TD"]
[Source "ChessBase"]
[SourceDate "1994.03.01"]
[SourceVersion "1"]
[SourceVersionDate "1994.03.01"]
[SourceQuality "1"]

1. g3 d5 2. Bg2 Nf6 3. c4 c6 4. Qc2 g6 5. Nf3 Bg7 6. 0-0 0-0 7. d3 Na6 8. a3 dxc4 9. Qxc4 Be6 10. Qc2 Qb6 11. Be3 c5 12. Nc3 Bb3 13. Qc1 Ng4 14. Bg5 Nf6 15. Nd2 Be6 16. Nc4 Bxc4 17. dxc4 Nc7 18. Na4 Qa5 19. b3 Ne6 20. Bd2 Qc7 21. e3 Rad8 22. Nc3 h5 23. h3 Ng5 24. Ra2 Rd7 25. Nd5 Qd8 26. Qc2 e6 27. Nc3 Ngh7 28. Na4 Qc7 29. b4 cxb4 30. Bxb4 b6 31. Bxf8 Bxf8 32. Qe2 h4 33. g4 Ng5 34. Nc3 Bc5 35. Rd1 Rxd1+ 36. Qxd1 Qe5 37. Qd3 Qc7 38. Rd2 Kg7 39. Kh1 Qe7 40. Nb1 Qc7 41. Nc3 a6 42. Na4 Be7 43. f4 Ngh7 44. g5 Nh5 45. Qd4+ e5 46. Qxe5+ Qxe5 47. fxe5 Ng3+ 48. Kh2 Bxa3 49. Nxb6 Nxg5 50. Rd3 Bc1 51. Nd7 N5e4 52. Rd5 Nc3 53. Rd3 Nce4 54. Rd5 Nc3 55. Rd4 a5 56. c5 Nb5 57. Rxh4 1-0

[Event "FRA-chT"]
[Site "France"]
[Date "1990.??.??"]
[Round "?"]
[White "Abravanel, Chely"]
[Black "Gouret, Thierry"]
[Result "1/2-1/2"]
[WhiteElo "2320"]
[BlackElo "2250"]
[PlyCount "88"]
[EventDate "1990.??.??"]
[EventType "team-tourn"]
[EventRounds "11"]
[EventCountry "FRA"]
[SourceTitle "EXT 2000"]
[Source "ChessBase"]
[SourceDate "1999.11.16"]
[SourceVersion "1"]
[SourceVersionDate "1999.11.16"]
[SourceQuality "1"]

1. g3 e6 2. Bg2 Nf6 3. e4 d5 4. e5 Nfd7 5. d4 c5 6. c3 b6 7. Ne2 Ba6 8. 0-0 Nc6 9. Be3 Rc8 10. f4 g6 11. Rf2 f5 12. exf6 Qxf6 13. Nd2 Bg7 14. Nf3 0-0 15. Qa4 Bc4 16. Re1 Qe7 17. Bh3 Bd3 18. Ng5 Bf5 19. g4 Bd3 20. Qd1 Bxe2 21. Rfxe2 cxd4 22. cxd4 h6 23. Nf3 Nf6 24. a3 Ne4 25. Bg2 Kh7 26. Qd3 Qf7 27. Bc1 Rce8 28. b4 Rc8 29. h4 Kh8 30. Be3 Qf6 31. b5 Na5 32. Ne5 Rc3 33. Qb1 Rb3 34. Qc2 Rc3 35. Qd1 Kh7 36. g5 Qf5 37. Bc1 Bxe5 38. dxe5 Nc4 39. Qd4 Rg3 40. Rxe4 dxe4 41. Qxc4 Rxg2+ 42. Kxg2 Qg4+ 43. Kf1 Qf3+ 44. Kg1 Qg3+ 1/2-1/2